Postrimerías de la Casa de Austria en España (Record no. 169827)
[ view plain ]
| 000 -LEADER | |
|---|---|
| campo de control de longitud fija | 01160nam a2200253 i 4500 |
| 001 - NÚMERO DE CONTROL | |
| campo de control | 169827 |
| 003 - IDENTIFICADOR DE NÚMERO DE CONTROL | |
| campo de control | ES-MaACL |
| 005 - FECHA Y HORA DE LA ÚLTIMA TRANSACCIÓN | |
| campo de control | 20250503123254.0 |
| 008 - DATOS DE LONGITUD FIJA--INFORMACIÓN GENERAL | |
| campo de control de longitud fija | 081203s1886 sp |||| | spa d |
| 080 ## - NÚMERO DE LA CLASIFICACIÓN DECIMAL UNIVERSAL | |
| Número de la Clasificación Decimal Universal | 94(460)"1516/1700" |
| 100 1# - ENTRADA PRINCIPAL--NOMBRE DE PERSONA | |
| Nombre de persona | Pedregal Cañedo, Manuel, |
| Fechas asociadas al nombre | 1831-1896 |
| 9 (RLIN) | 130930 |
| 245 10 - MENCIÓN DEL TÍTULO | |
| Título | Postrimerías de la Casa de Austria en España |
| Resto del título | : conferencias pronunciadas en el Ateneo de Madrid / |
| Mención de responsabilidad, etc. | por Manuel Pedregal y Cañedo. |
| 260 ## - PUBLICACIÓN, DISTRIBUCIÓN, ETC. | |
| Lugar de publicación, distribución, etc. | Madrid : |
| Nombre del editor, distribuidor, etc. | [s.n.], |
| Fecha de publicación, distribución, etc. | 1886 ( |
| Fabricante | Imp. de Fortanet) |
| 300 ## - DESCRIPCIÓN FÍSICA | |
| Extensión | 166 p. ; |
| Dimensiones | 16 cm. |
| 530 ## - NOTA DISPONIBLE DE FORMULARIO FÍSICO ADICIONAL | |
| Nota de formato físico adicional disponible | Disponible en formato digital. |
| 594 ## - Nota al título y mención de responsabilidad | |
| Nota al título y mención de responsabilidad | Contiene las tres conferencias pronunciadas por el autor en el Ateneo de Madrid, en abril de 1884. |
| 610 27 - PUNTO DE ACCESO ADICIONAL DE MATERIA--NOMBRE DE ENTIDAD CORPORATIVA | |
| Nombre de entidad corporativa o nombre de jurisdicción como elemento de entrada | Ateneo de Madrid- |
| Subdivisión de forma | Conferencias- |
| Subdivisión cronológica | S.XIX. |
| 9 (RLIN) | 1910 |
| 651 #4 - PUNTO DE ACCESO ADICIONAL DE MATERIA--NOMBRE GEOGRÁFICO | |
| Nombre geográfico | España- |
| Subdivisión general | Historia- |
| Subdivisión cronológica | 1516-1700, Casa de Austria |
| 9 (RLIN) | 8228 |
| 852 ## - LOCALIZACIÓN | |
| Ubicación | ES-MaACL |
| Número de control de estantería | 2239-F-16 |
| Ubicación en estantería | Depósito folletos |
| Nota libre | Revisado enlace: 03 de Myo de 2025 |
| 852 ## - LOCALIZACIÓN | |
| Ubicación | ES-MaACL |
| Número de control de estantería | T-405-F-5 |
| Nota libre | Donación del autor |
| Ubicación en estantería | Depósito folletos |
| 856 ## - LOCALIZACIÓN Y ACCESO ELECTRÓNICOS | |
| Identificador Uniforme de Recursos | <a href="https://bibliotecavirtual.asturias.es/i18n/consulta/registro.cmd?id=3604">https://bibliotecavirtual.asturias.es/i18n/consulta/registro.cmd?id=3604</a> |
| Texto de enlace | Biblioteca Virtual del Principado de Asturias |
| 942 ## - ELEMENTOS DE ENTRADA SECUNDARIOS (KOHA) | |
| Fuente del sistema de clasificación o colocación | Clasificación decimal universal |
| Estatus retirado | Estado de pérdida | Fuente del sistema de clasificación o colocación | Estado de daño | No para préstamo | Colección | Biblioteca de origen | Biblioteca actual | Ubicación en estantería | Fecha de adquisición | Total de préstamos | Signatura topográfica completa | Código de barras | Visto por última vez | Precio de reemplazo | Tipo de ítem Koha |
|---|---|---|---|---|---|---|---|---|---|---|---|---|---|---|---|
| Clasificación decimal universal | Biblioteca Digital del Ateneo de Madrid | Biblioteca del Ateneo de Madrid | Biblioteca del Ateneo de Madrid | Depósito folletos | 01/09/2017 | T-405-F-5 | 1197975 | 23/02/2023 | 23/02/2023 | Folleto | |||||
| Clasificación decimal universal | Biblioteca Digital del Ateneo de Madrid | Biblioteca del Ateneo de Madrid | Biblioteca del Ateneo de Madrid | Depósito folletos | 03/12/2008 | 2239-F-16 | 1178298 | 23/02/2023 | 23/02/2023 | Folleto |
